00306 2200145 4500245003100000250001100031100001100042650001700053650001600070005001900086260001800105041001400123084001400137336000900151 aAutobiograficLutfiahText aCet. 1 aLutfia aAutobiografi aKarya Siswa a20250521114510 aJakartac2025 aIndonesia a081 LUT a atext